[Event "ICS Rated standard match"]
[Site "204.178.125.65"]
[Date "2001.01.29"]
[Round "?"]
[White "ChesterX"]
[Black "Hossa"]
[Result "1/2-1/2"]
[WhiteElo "2531"]
[BlackElo "2302"]
[PlyCount "234"]
[EventDate "2001.??.??"]

1. Nf3 d5 2. g3 c5 3. Bg2 Nc6 4. d4 cxd4 5. Nxd4 e5 6. Nxc6 bxc6 7. O-O Nf6 8.
c4 Be7 9. Nc3 Bb7 10. cxd5 Nxd5 11. Nxd5 cxd5 12. Qb3 Qd7 13. Rd1 Rd8 14. Qe3
Bd6 15. Qxa7 O-O 16. Bg5 Ra8 17. Qb6 Rab8 18. Bh3 Qxh3 19. Qxd6 f6 20. Bc1 d4
21. f3 Rbd8 22. Qb4 Bd5 23. b3 Rd7 24. Bb2 Rc8 25. Rdc1 Ra8 26. Qc5 Qe6 27. Qc2
Rda7 28. Qb1 Ra5 29. Rc2 Qd7 30. Bc1 d3 31. exd3 Qe6 32. Rc3 Bxf3 33. Be3 Bb7
34. Qb2 Qd5 35. Kf1 Qf3+ 36. Qf2 Qxf2+ 37. Bxf2 Rxa2 38. Rxa2 Rxa2 39. d4 exd4
40. Bxd4 Rxh2 41. Bf2 Be4 42. b4 Rh1+ 43. Ke2 Rb1 44. Rc8+ Kf7 45. Rc7+ Kg6 46.
Bc5 Bd5 47. Bf8 Bf7 48. Bd6 f5 49. Bf8 Rb3 50. Rc6+ Kg5 51. Rc7 Kf6 52. Rc6+
Be6 53. Bxg7+ Kxg7 54. Rxe6 Rxg3 55. b5 Rb3 56. b6 h5 57. Kd2 h4 58. Re7+ Kg6
59. b7 f4 60. Kc2 Rb5 61. Rd7 f3 62. Rd6+ Kg7 63. Rd3 f2 64. Rf3 Kg6 65. Rxf2
h3 66. Rh2 Rxb7 67. Rxh3 Kg7 68. Rh5 Kg8 69. Kd3 Kf8 70. Rh6 Kg8 71. Kd4 Kf8
72. Ke4 Kg8 73. Kd5 Kf8 74. Rh1 Kg8 75. Kc6 Re7 76. Kd6 Rf7 77. Ke6 Rg7 78. Rb1
Kh8 79. Kf6 Rg4 80. Rc1 Kg8 81. Rc7 Kh8 82. Ra7 Kg8 83. Rb7 Rh4 84. Rb8+ Kh7
85. Kg5 Rh3 86. Rb7+ Kh8 87. Kg6 Rg3+ 88. Kf6 Kg8 89. Rc7 Kh8 90. Kf5 Kg8 91.
Ke6 Kh8 92. Rf7 Kg8 93. Rd7 Kh8 94. Ke5 Kg8 95. Kf6 Rh3 96. Rc7 Kh8 97. Rb7 Kg8
98. Kg6 Kf8 99. Kf5 Kg8 100. Ke6 Kh8 101. Ra7 Kg8 102. Rd7 Kh8 103. Rf7 Kg8
104. Rc7 Kh8 105. Rb7 Kg8 106. Kd5 Kh8 107. Re7 Kg8 108. Kc5 Kh8 109. Kc4 Kg8
110. Kd5 Kh8 111. Rc7 Kg8 112. Ke5 Kf8 113. Rb7 Kg8 114. Kd4 Kh8 115. Re7 Rh2
116. Kc4 Kg8 117. Kd5 Kh8 {Game drawn by the 50 move rule} 1/2-1/2

[Event "ICS rated blitz match"]
[Site "204.178.125.65"]
[Date "2001.01.29"]
[Round "?"]
[White "Hossa"]
[Black "alik75"]
[Result "1-0"]
[WhiteElo "2515"]
[BlackElo "2788"]
[PlyCount "245"]
[EventDate "2001.??.??"]

1. e4 c5 2. Nf3 Nc6 3. Bb5 g6 4. O-O Bg7 5. c3 Nf6 6. Re1 O-O 7. d4 cxd4 8.
cxd4 d5 9. e5 Ne4 10. Nc3 Nxc3 11. bxc3 Na5 12. Bf4 e6 13. Nd2 Bd7 14. Be2 Rc8
15. Qc2 Qe7 16. Be3 Rc7 17. Nb3 Nc4 18. Bxc4 Rxc4 19. Nc5 b6 20. Nxd7 Qxd7 21.
Bd2 Rfc8 22. Qd3 Qa4 23. Reb1 Bf8 24. Rb3 Qa6 25. Bg5 Ra4 26. Qxa6 Rxa6 27. f3
Ra4 28. Bd2 Rcc4 29. g4 Be7 30. Kg2 f6 31. exf6 Bxf6 32. f4 Kf7 33. Kf3 Be7 34.
a3 Ra5 35. Be3 Rca4 36. Bc1 Rc4 37. h3 Bd6 38. Ra2 Ke7 39. Re2 Kf7 40. Kf2 Rca4
41. Ra2 Rc4 42. Kg2 Rca4 43. Kg1 Rc4 44. Kh1 Rca4 45. Ra1 Rc4 46. Kg2 Rca4 47.
Kf2 Rc4 48. Kg3 Rca4 49. Kh4 Be7+ 50. g5 Ke8 51. Ra2 Kd7 52. Kg4 Rc4 53. h4
Rca4 54. h5 Ke8 55. hxg6 hxg6 56. Kg3 Bf8 57. Kf3 Be7 58. Kf2 Bf8 59. Ke3 Be7
60. Kf3 Kf7 61. Kg3 Kg7 62. Kg4 Bf8 63. Kf3 Be7 64. Ke3 Kf7 65. Kf2 Bf8 66. Ke1
Be7 67. Ke2 Bf8 68. Kd2 Be7 69. Kd3 Bf8 70. Ke2 Be7 71. Kf1 Bf8 72. Kg2 Be7 73.
Kg1 Bf8 74. Kh2 Be7 75. Kh1 Bf8 76. Ra1 Bd6 77. Kh2 Be7 78. Kg3 Bd6 79. Ra2 Be7
80. Kf3 Bd6 81. Kg4 Be7 82. Rh2 Bd6 83. Kf3 Kg7 84. Rb1 Bxa3 85. Bd2 Bf8 86.
Rbh1 Kf7 87. Rh7+ Bg7 88. Bc1 Ra1 89. Re1 Rb1 90. Ke2 Ra2+ 91. Kd3 Rf2 92. Reh1
Ra2 93. R7h3 Raa1 94. Kc2 Rb5 95. Rh4 Rba5 96. R1h2 R1a2+ 97. Bb2 R2a4 98. Rh7
Rc4 99. Kd3 Ra2 100. Rg2 Ra5 101. Re2 Ra2 102. Rhh2 Ra5 103. Rh1 Rb5 104. Rh7
a5 105. Kc2 a4 106. Kd3 Rb3 107. Reh2 a3 108. Ba1 Rb1 109. Ra2 Ra4 110. Ke2 Rg1
111. Kf2 Rc1 112. Kg2 Rb1 113. Rh2 Rb3 114. Rh3 Ra8 115. Rh4 b5 116. Rh1 Rc8
117. Re1 Rb8 118. Rae2 Rc8 119. Rxe6 Rc7 120. Rd6 Rb7 121. f5 a2 122. fxg6+ Kf8
123. Rd8# {alik75 checkmated} 1-0

[Event "ICS rated blitz match"]
[Site "204.178.125.65"]
[Date "2001.01.29"]
[Round "?"]
[White "monsoon"]
[Black "Hossa"]
[Result "0-1"]
[WhiteElo "2485"]
[BlackElo "2541"]
[PlyCount "222"]
[EventDate "2001.??.??"]

1. e4 e5 2. Nf3 Nf6 3. Bc4 Nxe4 4. Nc3 Nxc3 5. dxc3 f6 6. Nh4 g6 7. f4 c6 8.
fxe5 fxe5 9. Nf3 d5 10. Be2 e4 11. Nd4 Qf6 12. Be3 Bd6 13. Qd2 Qh4+ 14. Bf2 Qe7
15. Qh6 Qf7 16. O-O Bf4 17. Qh4 h5 18. Bg3 g5 19. Rxf4 Qg6 20. Bxh5 Rxh5 21.
Rf6 Qh7 22. Qxh5+ Qxh5 23. Raf1 Qh8 24. Be5 Qg8 25. c4 dxc4 26. Rh6 c5 27. Nb5
Ke7 28. Rh8 Qg6 29. Rxc8 Nc6 30. Bd6+ Kd7 31. Rxa8 a6 32. Bxc5 axb5 33. Be3 Nb4
34. Rd1+ Kc7 35. Rdd8 Qf5 36. h3 g4 37. Rf8 Qd7 38. Bf4+ Kb6 39. Rad8 Qg7 40.
Be3+ Kc7 41. Rc8+ Kd7 42. Rfd8+ Ke6 43. Re8+ Kd7 44. Rcd8+ Kc7 45. Bf4+ Kb6 46.
a3 Nc6 47. Be3+ Kc7 48. Rd2 gxh3 49. Rxe4 hxg2 50. Rh4 Qxb2 51. Rh7+ Kb8 52.
Rxg2 Nd8 53. Bf4+ Ka7 54. Bg5 Nc6 55. Rh3 Nd4 56. Be3 Ka6 57. Bxd4 Qxd4+ 58.
Rf2 Qb2 59. Rh6+ Ka5 60. Rh3 c3 61. Rh8 Qc1+ 62. Kh2 Qg5 63. Ra8+ Kb6 64. Kh3
Qe5 65. Raf8 Qe6+ 66. Kg2 Qg4+ 67. Kf1 Qd1+ 68. Kg2 Qd5+ 69. R8f3 Qc5 70. Rf6+
Ka5 71. Rf8 Qd5+ 72. Kg3 Qg5+ 73. Kf3 Kb6 74. Rf4 Qd5+ 75. Kg4 Qa2 76. Rf6+ Ka7
77. Rf7 Qxa3 78. Kf5 b4 79. Ke4 b3 80. cxb3 Qb4+ 81. Kd3 Qxb3 82. Rf1 c2+ 83.
Kd2 Qb2 84. Rc1 Qb4+ 85. Ke3 Qb3+ 86. Ke4 Qxf7 87. Ra1+ Kb6 88. Rc1 Qe7+ 89.
Kd3 Qa3+ 90. Kd2 Qxc1+ 91. Kxc1 Kc5 92. Kxc2 Kb4 93. Kb2 b5 94. Ka2 Kc3 95. Ka3
b4+ 96. Ka2 Kc2 97. Ka1 Kb3 98. Kb1 Ka3 99. Kc2 b3+ 100. Kc1 Ka2 101. Kd2 b2
102. Ke3 Kb3 103. Ke4 b1=Q+ 104. Kf4 Kc3 105. Kg5 Kd4 106. Kf6 Kd5 107. Kf7 Ke5
108. Kg7 Kf5 109. Kf8 Kf6 110. Ke8 Qd1 111. Kf8 Qd8# {monsoon checkmated} 0-1

[Event "ICS rated blitz match"]
[Site "204.178.125.65"]
[Date "2001.01.30"]
[Round "?"]
[White "PostModernist"]
[Black "Hossa"]
[Result "1-0"]
[WhiteElo "2650"]
[BlackElo "2554"]
[PlyCount "51"]
[EventDate "2001.??.??"]

1. e4 c5 2. c3 Nf6 3. e5 Nd5 4. Nf3 Nc6 5. d4 cxd4 6. Bc4 Nb6 7. Bb3 dxc3 8.
Nxc3 e6 9. O-O f6 10. exf6 gxf6 11. Nh4 Ne5 12. Bf4 Bg7 13. Qh5+ Kf8 14. Nf5 d6
15. Nxg7 Kxg7 16. Bh6+ Kg8 17. Rae1 f5 18. Qxf5 Qe7 19. Rxe5 dxe5 20. Rd1 Nc4
21. Qg4+ Kf7 22. Qg7+ Ke8 23. Qxh8+ Kf7 24. Qg7+ Ke8 25. Qg8+ Qf8 26. Qxf8# {
Hossa checkmated} 1-0

[Event "ICS rated blitz match"]
[Site "204.178.125.65"]
[Date "2001.01.30"]
[Round "?"]
[White "Hossa"]
[Black "QueenMaxima"]
[Result "1-0"]
[WhiteElo "2542"]
[BlackElo "2529"]
[PlyCount "87"]
[EventDate "2001.??.??"]

1. e4 e6 2. d4 Nc6 3. Nf3 Nf6 4. e5 Nd5 5. Be2 b6 6. c4 Nde7 7. d5 exd5 8. cxd5
Nb4 9. Nc3 Bb7 10. Bc4 b5 11. Bb3 a5 12. d6 Nf5 13. Nxb5 Na6 14. Qd3 a4 15. Bg5
f6 16. exf6 gxf6 17. Qxf5 Bg7 18. Bh6 Kf8 19. Bxg7+ Kxg7 20. Bxa4 Re8+ 21. Kf1
Bxf3 22. Qxf3 c6 23. Nd4 Kh8 24. Nxc6 dxc6 25. Bxc6 Rb8 26. Bxe8 Qxd6 27. Qe2
Qe5 28. Qxa6 Qxb2 29. Re1 Rb6 30. Qc8 Rb8 31. Qe6 Qc3 32. Qd6 Qc4+ 33. Kg1 Rb7
34. Qxf6+ Rg7 35. Bh5 Qb5 36. Re8+ Qxe8 37. Bxe8 Kg8 38. Qd8 Rf7 39. Qd5 Kh8
40. Qxf7 h5 41. Qf6+ Kh7 42. Bg6+ Kg8 43. Qf7+ Kh8 44. Qh7# {
QueenMaxima checkmated} 1-0

[Event "ICS rated standard match"]
[Site "204.178.125.65"]
[Date "2001.01.30"]
[Round "?"]
[White "Hossa"]
[Black "Karol"]
[Result "0-1"]
[WhiteElo "2311"]
[BlackElo "2340"]
[PlyCount "100"]
[EventDate "2001.??.??"]

1. d4 d5 2. c4 e6 3. Nc3 c6 4. e3 Bd6 5. c5 Bc7 6. Bd3 f5 7. Nf3 Nf6 8. Ne2 O-O
9. Bd2 Ne4 10. Bb4 Nd7 11. Qc2 g5 12. Ng3 e5 13. dxe5 Nxe5 14. Nxe5 Bxe5 15.
Ne2 Qf6 16. Ba3 Be6 17. f3 Qh6 18. h4 Ng3 19. Rh3 gxh4 20. f4 Nxe2 21. Qxe2 Bf6
22. O-O-O b6 23. cxb6 Rfb8 24. Qc2 Qg6 25. g4 Qxg4 26. Qh2 Kf7 27. Rg1 Qh5 28.
b7 Rxb7 29. Ba6 Rb6 30. Be2 Qh6 31. Qf2 Rab8 32. b3 c5 33. Qe1 c4 34. Qd1 Ke8
35. Bc5 R6b7 36. Bd6 Rd8 37. Bh5+ Kd7 38. Be5 Bxe5 39. fxe5 cxb3 40. axb3 Rdb8
41. Kd2 Rxb3 42. Rgh1 Rb2+ 43. Kc3 R8b4 44. Qc1 Qf8 45. Qxb2 Qc5+ 46. Kd3 Qc4+
47. Kd2 Rxb2+ 48. Kd1 Qc2+ 49. Ke1 Qd2+ 50. Kf1 Qf2# {Hossa checkmated} 0-1

[Event "ICS rated standard match"]
[Site "204.178.125.65"]
[Date "2001.01.30"]
[Round "?"]
[White "Karol"]
[Black "Hossa"]
[Result "1-0"]
[WhiteElo "2355"]
[BlackElo "2296"]
[PlyCount "69"]
[EventDate "2001.??.??"]

1. e4 e5 2. Nf3 Nf6 3. d4 Nxe4 4. Bd3 d5 5. Nxe5 Bd6 6. Nc3 Nxc3 7. bxc3 O-O 8.
O-O Bxe5 9. dxe5 Nc6 10. Re1 Re8 11. Bf4 Qh4 12. Bg3 Qg5 13. Rb1 Rb8 14. f4 Qe7
15. Qf3 Rd8 16. f5 Qc5+ 17. Kh1 Rf8 18. Qh5 Qxc3 19. f6 h6 20. fxg7 Kxg7 21.
Bh4 f5 22. exf6+ Rxf6 23. Rf1 Bf5 24. Rxf5 Rbf8 25. Bxf6+ Rxf6 26. Rbf1 Qd4 27.
Qf3 Qxd3 28. cxd3 Rxf5 29. Qxf5 Nd8 30. Qf6+ Kh7 31. Qxd8 c6 32. Rf7+ Kg6 33.
Qf6+ Kh5 34. Qf5+ Kh4 35. g3# {Hossa checkmated} 1-0

[Event "ICS rated blitz match"]
[Site "204.178.125.65"]
[Date "2001.01.30"]
[Round "?"]
[White "JudgeDredd"]
[Black "Hossa"]
[Result "0-1"]
[WhiteElo "2584"]
[BlackElo "2557"]
[PlyCount "43"]
[EventDate "2001.??.??"]

1. e4 e5 2. Nc3 Nc6 3. g3 Nf6 4. Bg2 Bc5 5. Nge2 O-O 6. d3 Ng4 7. O-O d6 8. h3
Nxf2 9. Rxf2 f5 10. d4 exd4 11. Na4 fxe4 12. Rxf8+ Qxf8 13. Nxc5 dxc5 14. Bxe4
Bxh3 15. Nf4 Bf5 16. Bxf5 Qxf5 17. Qd3 Qf7 18. Bd2 Ne5 19. Qe4 Re8 20. b3 g5
21. Rf1 Nc4 22. Qg2 {JudgeDredd resigns} 0-1

[Event "ICS rated blitz match"]
[Site "204.178.125.65"]
[Date "2001.01.30"]
[Round "?"]
[White "Gloubiboulga"]
[Black "Hossa"]
[Result "0-1"]
[WhiteElo "2549"]
[BlackElo "2590"]
[PlyCount "132"]
[EventDate "2001.??.??"]

1. d4 d5 2. c4 e6 3. Nc3 c6 4. cxd5 exd5 5. Bf4 Nf6 6. e3 Bb4 7. Bd3 O-O 8.
Nge2 Be6 9. O-O Nbd7 10. h3 Nb6 11. a3 Bd6 12. b4 Bxf4 13. Nxf4 Qe7 14. Re1 a5
15. b5 Nc4 16. a4 Rab8 17. Qe2 Nd6 18. f3 Bf5 19. e4 g5 20. exf5 Qd8 21. Qd2
gxf4 22. Qxf4 Nh5 23. Qh6 Qf6 24. Qxf6 Nxf6 25. g4 h6 26. Kg2 Rfe8 27. Re5 Nd7
28. Ree1 c5 29. Nxd5 cxd4 30. h4 Rxe1 31. Rxe1 Nc5 32. Bc2 Nc4 33. g5 hxg5 34.
hxg5 d3 35. Bd1 Nb2 36. Nf6+ Kg7 37. Nh5+ Kf8 38. g6 d2 39. Rh1 Ke7 40. g7 f6
41. Nf4 Rg8 42. Ng6+ Kd6 43. Kf2 Rxg7 44. Ke2 Nxd1 45. Rxd1 Nxa4 46. Rxd2+ Kc5
47. Rd8 Kxb5 48. Rf8 Nc3+ 49. Kd3 Nd5 50. Kd4 Rd7 51. Ke4 Kb4 52. Nf4 Nxf4 53.
Kxf4 Rd6 54. Ke4 b5 55. Rb8 Rc6 56. Rb7 Kc5 57. Rb8 Ra6 58. Rb7 a4 59. Kd3 a3
60. Ke4 a2 61. Kf4 Ra4+ 62. Kg3 a1=Q 63. Rc7+ Kd6 64. Rb7 Qg1+ 65. Kh3 Qh1+ 66.
Kg3 Qh4+ {Gloubiboulga resigns} 0-1

[Event "ICS rated blitz match"]
[Site "204.178.125.65"]
[Date "2001.01.30"]
[Round "?"]
[White "Hossa"]
[Black "Gloubiboulga"]
[Result "1-0"]
[WhiteElo "2604"]
[BlackElo "2535"]
[PlyCount "117"]
[EventDate "2001.??.??"]

1. e4 e6 2. d4 d5 3. Nd2 Be7 4. Ngf3 Nf6 5. e5 Ne4 6. Bd3 Nxd2 7. Bxd2 c5 8.
dxc5 Bxc5 9. b4 Be7 10. O-O O-O 11. Nd4 Nc6 12. Qh5 g6 13. Nxc6 bxc6 14. Qh6
Re8 15. a4 a5 16. bxa5 c5 17. Bb5 Bd7 18. a6 Qc7 19. Ba5 Qxa5 20. Bxd7 Red8 21.
Bc6 Rxa6 22. Bb5 Raa8 23. Ra3 Bf8 24. Qg5 Rdb8 25. Rh3 Qd8 26. Qxd8 Rxd8 27.
Rg3 c4 28. Rd1 Bb4 29. Kf1 Rac8 30. c3 Ba5 31. Ke2 Kf8 32. Rh3 h5 33. Re3 Ke7
34. Kf3 Bb6 35. Re2 Ba5 36. Rc2 Rf8 37. Ke2 g5 38. g3 g4 39. h3 Bc7 40. hxg4
hxg4 41. Rh1 Bxe5 42. Rh4 f5 43. Rh7+ Rf7 44. Rh1 Kd6 45. Rg1 Kc5 46. Kd1 Rh7
47. Re1 Kd6 48. Ba6 Ra8 49. Bb5 Rh2 50. Rxe5 Kxe5 51. f4+ gxf3 52. Rxh2 Ke4 53.
Bd7 e5 54. Rh5 f4 55. gxf4 Kxf4 56. Rf5+ Ke4 57. Rf6 d4 58. Bc6+ Kd3 59. Rxf3#
{Gloubiboulga checkmated} 1-0

[Event "ICS rated blitz match"]
[Site "204.178.125.65"]
[Date "2001.01.30"]
[Round "?"]
[White "Gloubiboulga"]
[Black "Hossa"]
[Result "0-1"]
[WhiteElo "2522"]
[BlackElo "2617"]
[PlyCount "36"]
[EventDate "2001.??.??"]

1. d4 d5 2. c4 e6 3. Nc3 c6 4. e3 Bd6 5. f4 Nf6 6. Nf3 b6 7. Bd3 Ba6 8. b3 Nbd7
9. O-O Bb7 10. Ne5 Bb4 11. Bd2 dxc4 12. bxc4 O-O 13. Rf3 c5 14. Rh3 cxd4 15.
exd4 Nxe5 16. dxe5 Qd4+ 17. Kh1 Qf2 18. Qe2 Bxg2# {Gloubiboulga checkmated} 0-1

[Event "ICS rated blitz match"]
[Site "204.178.125.65"]
[Date "2001.01.30"]
[Round "?"]
[White "Hossa"]
[Black "Heian"]
[Result "1-0"]
[WhiteElo "2629"]
[BlackElo "1917"]
[PlyCount "61"]
[EventDate "2001.??.??"]

1. e4 e5 2. Nf3 Nc6 3. Bb5 a6 4. Ba4 b5 5. Bb3 Bc5 6. Nxe5 Bxf2+ 7. Kxf2 Nxe5
8. d4 Ng6 9. Rf1 N8e7 10. Qf3 O-O 11. Kg1 d5 12. Nc3 dxe4 13. Bxf7+ Kh8 14. Qe3
Bb7 15. Nxe4 Nd5 16. Qd2 Ngf4 17. Bxd5 Nxd5 18. Rxf8+ Qxf8 19. Nc5 Bc6 20. b3
Qf5 21. Bb2 Qg4 22. Rf1 Ne3 23. Rf2 Nd1 24. h3 Qh5 25. Rf1 Nxb2 26. c3 Re8 27.
Qxb2 h6 28. Qc2 Bd5 29. Rf5 Qg6 30. Rf8+ Rxf8 31. Qxg6 {Heian resigns} 1-0

[Event "ICS rated blitz match"]
[Site "204.178.125.65"]
[Date "2001.01.30"]
[Round "?"]
[White "Heian"]
[Black "Hossa"]
[Result "0-1"]
[WhiteElo "1916"]
[BlackElo "2630"]
[PlyCount "49"]
[EventDate "2001.??.??"]

1. e4 c5 2. Nf3 d6 3. Bc4 Nf6 4. d3 Nc6 5. c3 e6 6. Bb3 d5 7. e5 Ng4 8. d4 cxd4
9. cxd4 Bb4+ 10. Nc3 Bd7 11. a3 Ba5 12. O-O f6 13. h3 Nh6 14. Bxh6 gxh6 15. Qd2
fxe5 16. Qxh6 exd4 17. Qh5+ Kf8 18. Ng5 Qe7 19. Nxd5 exd5 20. Bxd5 h6 21. Nf7
Be8 22. b4 Bb6 23. Rae1 Bxf7 24. Rxe7 Bxh5 25. Rf7+ {Heian resigns} 0-1

[Event "ICS rated blitz match"]
[Site "204.178.125.65"]
[Date "2001.01.30"]
[Round "?"]
[White "Hossa"]
[Black "cfd"]
[Result "1-0"]
[WhiteElo "2631"]
[BlackElo "2214"]
[PlyCount "26"]
[EventDate "2001.??.??"]

1. e4 e6 2. d4 d5 3. Nd2 Nf6 4. e5 Nfd7 5. Bd3 c5 6. c3 Nc6 7. Ne2 cxd4 8. cxd4
Qb6 9. Nf3 Qb4+ 10. Kf1 f6 11. exf6 gxf6 12. Qc2 Qd6 13. Bxh7 Be7 {cfd resigns}
1-0

[Event "ICS rated blitz match"]
[Site "204.178.125.65"]
[Date "2001.01.30"]
[Round "?"]
[White "cfd"]
[Black "Hossa"]
[Result "0-1"]
[WhiteElo "2196"]
[BlackElo "2637"]
[PlyCount "82"]
[EventDate "2001.??.??"]

1. d4 d5 2. e3 Nf6 3. Bd3 c5 4. c3 Nc6 5. f4 e6 6. Nd2 Bd6 7. Ngf3 Ng4 8. Qe2
cxd4 9. cxd4 Nb4 10. Bb1 Qc7 11. Nb3 Bd7 12. a3 Nc6 13. O-O b6 14. Ne5 h5 15.
Bd2 Ncxe5 16. fxe5 Be7 17. h3 Nh6 18. Qxh5 Ba4 19. Qd1 Bb5 20. Rf2 Bh4 21. Rf4
g5 22. Rf6 g4 23. Rf4 Bg3 24. Rxg4 Nxg4 25. Qxg4 Bh4 26. a4 Bc4 27. Nc1 O-O-O
28. Bd3 Rdg8 29. Qe2 Bg3 30. Bxc4 dxc4 31. Qf3 Qb7 32. Qxb7+ Kxb7 33. Ne2 Kc6
34. Nxg3 Rxg3 35. Kf2 Rhg8 36. Rg1 Kd5 37. Bc3 Ke4 38. a5 bxa5 39. Bxa5 Rxe3
40. h4 Rg4 41. h5 Rf4# {cfd checkmated} 0-1

[Event "ICS rated blitz match"]
[Site "204.178.125.65"]
[Date "2001.01.30"]
[Round "?"]
[White "Hossa"]
[Black "flytox"]
[Result "1-0"]
[WhiteElo "2639"]
[BlackElo "2074"]
[PlyCount "85"]
[EventDate "2001.??.??"]

1. d4 d5 2. c4 c6 3. Nf3 Nf6 4. Nc3 dxc4 5. a4 Bf5 6. e3 e6 7. Bxc4 Bb4 8. O-O
Kf8 9. Bd2 Nbd7 10. Ne4 Bxe4 11. Bxb4+ Kg8 12. Qe2 Bxf3 13. Qxf3 Nb6 14. Bd3
Nbd5 15. Bc5 h6 16. e4 Nb6 17. a5 Nbd7 18. Bd6 a6 19. Rfe1 Ne8 20. Bf4 g5 21.
Be3 Qf6 22. Qh5 Kg7 23. e5 Qe7 24. Ra3 Nc7 25. Rb3 Rab8 26. Bd2 Nd5 27. Bc2 c5
28. Rg3 cxd4 29. Bxg5 hxg5 30. Rxg5+ Qxg5 31. Qxg5+ Kf8 32. Qd2 Ke7 33. Qxd4
Rh5 34. Bd1 Rg5 35. Qh4 f6 36. exf6+ Kxf6 37. f4 Nxf4 38. Qxf4+ Rf5 39. Qh6+
Ke7 40. Qxe6+ Kd8 41. Qxf5 Kc7 42. Qf4+ Kc8 43. Re8# {flytox checkmated} 1-0

[Event "ICS rated blitz match"]
[Site "204.178.125.65"]
[Date "2001.01.30"]
[Round "?"]
[White "flytox"]
[Black "Hossa"]
[Result "0-1"]
[WhiteElo "2073"]
[BlackElo "2640"]
[PlyCount "78"]
[EventDate "2001.??.??"]

1. e4 e5 2. Nf3 Nc6 3. Bb5 a6 4. Ba4 Nf6 5. O-O Be7 6. Re1 b5 7. Bb3 d6 8. c3
O-O 9. h3 Na5 10. Bc2 c5 11. d4 Qc7 12. d5 Nc4 13. b3 Nb6 14. Nbd2 a5 15. Nf1
a4 16. Be3 axb3 17. axb3 Rxa1 18. Qxa1 Bb7 19. Qb2 Nh5 20. Ra1 f5 21. exf5 Nxd5
22. f6 Nhxf6 23. Ra7 Qb6 24. Qa2 e4 25. Ng5 Nxc3 26. Qa1 d5 27. Ne6 Ne2+ 28.
Kh1 Qxe6 29. Rxb7 d4 30. Bf4 Nxf4 31. Qa7 N6d5 32. Ng3 e3 33. fxe3 Qxe3 34. Kh2
Qxg3+ 35. Kxg3 Ne2+ 36. Kh2 Bd6+ 37. g3 Bxg3+ 38. Kg2 Ne3+ 39. Kh1 Rf1# {
flytox checkmated} 0-1

[Event "ICS rated blitz match"]
[Site "204.178.125.65"]
[Date "2001.01.30"]
[Round "?"]
[White "Hossa"]
[Black "flytox"]
[Result "1-0"]
[WhiteElo "2641"]
[BlackElo "2072"]
[PlyCount "95"]
[EventDate "2001.??.??"]

1. e4 e6 2. d4 d5 3. Nd2 Nf6 4. e5 Ne4 5. Bd3 Nxd2 6. Bxd2 c5 7. dxc5 Nc6 8.
Nf3 Bxc5 9. O-O h6 10. Qe2 O-O 11. c3 Bd7 12. Be3 Bxe3 13. Qxe3 f6 14. Rae1
fxe5 15. Nxe5 Nxe5 16. Qxe5 Qf6 17. Qc7 Bc6 18. Re5 Rac8 19. Qd6 Rcd8 20. Qxe6+
Qxe6 21. Rxe6 d4 22. Rc1 dxc3 23. Rxc3 Rfe8 24. Rxe8+ Rxe8 25. Bc4+ Kh7 26. f3
Re7 27. Kf2 g6 28. b4 a6 29. Bxa6 Bxf3 30. Kxf3 bxa6 31. Rc6 Rb7 32. Rxa6 Rxb4
33. Ra7+ Kg8 34. g3 Rb2 35. h4 Rb4 36. a3 Rb2 37. a4 Ra2 38. a5 h5 39. a6 Ra3+
40. Kf4 Ra4+ 41. Kg5 Rg4+ 42. Kh6 Rxg3 43. Ra8+ Kf7 44. a7 Ra3 45. Rh8 Rxa7 46.
Rh7+ Kf6 47. Rxa7 g5 48. hxg5+ {flytox resigns} 1-0

[Event "ICS rated blitz match"]
[Site "204.178.125.65"]
[Date "2001.01.30"]
[Round "?"]
[White "flytox"]
[Black "Hossa"]
[Result "0-1"]
[WhiteElo "2071"]
[BlackElo "2642"]
[PlyCount "76"]
[EventDate "2001.??.??"]

1. e4 e5 2. Nf3 Nf6 3. Nxe5 d6 4. Nf3 Nxe4 5. d4 d5 6. Bd3 Bd6 7. O-O O-O 8. c4
c6 9. cxd5 cxd5 10. Nc3 Nxc3 11. bxc3 Nc6 12. Rb1 Qc7 13. h3 Be6 14. Re1 h6 15.
Bd2 Rfe8 16. Qc2 Rac8 17. Rec1 Ba3 18. Re1 Nb4 19. cxb4 Qxc2 20. Bxc2 Rxc2 21.
Rb3 Rxa2 22. Ree3 Bb2 23. Bc3 Bc1 24. Re1 Rc2 25. Ne5 Rc8 26. Ba1 Bd2 27. Rd1
Rc1 28. Rb1 Rxb1 29. Rxb1 Bf5 30. Rd1 Bxb4 31. g4 Bc2 32. Rf1 f6 33. Ng6 Bxg6
34. Bb2 Rc2 35. Bc1 Bd3 36. Rd1 Be2 37. Rd2 Rxc1+ 38. Kg2 Bxd2 {flytox resigns}
0-1

[Event "ICS rated blitz match"]
[Site "204.178.125.65"]
[Date "2001.01.30"]
[Round "?"]
[White "Hossa"]
[Black "flytox"]
[Result "1/2-1/2"]
[WhiteElo "2643"]
[BlackElo "2070"]
[PlyCount "39"]
[EventDate "2001.??.??"]

1. d4 d5 2. c4 c6 3. Nf3 Nf6 4. Nc3 dxc4 5. a4 Bf5 6. e3 e6 7. Bxc4 Bb4 8. O-O
Nbd7 9. Nh4 Bg6 10. Qb3 a5 11. Na2 Be7 12. Nxg6 hxg6 13. Qxb7 Rb8 14. Qxc6 Rc8
15. Qa6 Ra8 16. Qb7 Rb8 17. Qa7 Ra8 18. Qb7 Rb8 19. Qa7 Ra8 20. Qb7 {
Game drawn by repetition} 1/2-1/2

[Event "ICS rated blitz match"]
[Site "204.178.125.65"]
[Date "2001.01.30"]
[Round "?"]
[White "mambrino"]
[Black "Hossa"]
[Result "0-1"]
[WhiteElo "2048"]
[BlackElo "2628"]
[PlyCount "26"]
[EventDate "2001.??.??"]

1. d3 d5 2. e4 dxe4 3. dxe4 Qxd1+ 4. Kxd1 Nc6 5. c3 Nf6 6. f3 Bd7 7. Bg5 h6 8.
Bxf6 exf6 9. Bb5 O-O-O 10. Bxc6 Bh3+ 11. Kc2 Bxg2 12. Ne2 Bxh1 13. Bd5 Bxf3 {
mambrino resigns} 0-1

[Event "ICS rated blitz match"]
[Site "204.178.125.65"]
[Date "2001.01.30"]
[Round "?"]
[White "Hossa"]
[Black "mambrino"]
[Result "1-0"]
[WhiteElo "2629"]
[BlackElo "2047"]
[PlyCount "137"]
[EventDate "2001.??.??"]

1. e4 e6 2. d4 d5 3. Nd2 c5 4. Ngf3 cxd4 5. Nxd4 Nf6 6. Bb5+ Bd7 7. exd5 Nxd5
8. c4 Nf6 9. O-O Be7 10. Qf3 Qc7 11. Bxd7+ Nbxd7 12. Nb5 Qb6 13. Nb3 a6 14. Nc3
Rc8 15. Qg3 O-O 16. Bh6 Ne8 17. Rad1 Nc5 18. Be3 Qc7 19. Qxc7 Rxc7 20. Nxc5
Bxc5 21. Bf4 Rc8 22. Rd7 Bb4 23. Rxb7 Bxc3 24. bxc3 Rxc4 25. Bg5 f6 26. Bd2 Nd6
27. Re7 Ne4 28. Be1 Nxc3 29. Bxc3 Rxc3 30. Rxe6 Ra3 31. Re2 Kf7 32. Rd1 Rc3 33.
f4 Rc7 34. Rd6 Ra8 35. g4 h6 36. h4 a5 37. Kg2 a4 38. Red2 Raa7 39. Kf2 g6 40.
Re2 Re7 41. a3 Rxe2+ 42. Kxe2 Rc7 43. Kd3 Rc1 44. Rd7+ Ke6 45. Ra7 Rh1 46. Rxa4
Rxh4 47. f5+ Kf7 48. Ra7+ Kf8 49. fxg6 Rxg4 50. Rf7+ Kg8 51. Rxf6 Kg7 52. Ra6
h5 53. Ke3 h4 54. Ra7+ Kxg6 55. Ra6+ Kg5 56. Ra5+ Kg6 57. Kf3 Rg3+ 58. Kf4 Rg1
59. Ra8 Ra1 60. Ra6+ Kf7 61. Kf5 Ke7 62. Ke5 Kd7 63. Kd5 Kc7 64. a4 Kb7 65. Ra5
Kb6 66. Rb5+ Ka6 67. Rb4 Ka5 68. Rb8 Rxa4 69. Kc5 {mambrino resigns} 1-0

[Event "ICS rated blitz match"]
[Site "204.178.125.65"]
[Date "2001.01.30"]
[Round "?"]
[White "mambrino"]
[Black "Hossa"]
[Result "0-1"]
[WhiteElo "2046"]
[BlackElo "2630"]
[PlyCount "20"]
[EventDate "2001.??.??"]

1. e4 e6 2. d3 c5 3. Qe2 Nc6 4. Nf3 d5 5. g3 Qa5+ 6. Nbd2 Nb4 7. Qd1 c4 8. a3
cxd3 9. cxd3 Nf6 10. Bg2 Nxd3+ {mambrino resigns} 0-1

[Event "ICS rated blitz match"]
[Site "204.178.125.65"]
[Date "2001.01.30"]
[Round "?"]
[White "Hossa"]
[Black "mambrino"]
[Result "1-0"]
[WhiteElo "2631"]
[BlackElo "2045"]
[PlyCount "41"]
[EventDate "2001.??.??"]

1. e4 e6 2. d4 d5 3. Nd2 c5 4. Ngf3 cxd4 5. Nxd4 Nf6 6. Bb5+ Bd7 7. exd5 Nxd5
8. c4 Nf6 9. O-O Bxb5 10. Nxb5 a6 11. Nc3 Nc6 12. Nce4 Be7 13. Nxf6+ Bxf6 14.
Ne4 O-O 15. Qh5 h6 16. Rd1 Qe7 17. Bxh6 gxh6 18. Rd7 Kg7 19. Rxe7 Nxe7 20. Nxf6
Kxf6 21. Qh4+ {mambrino resigns} 1-0

[Event "ICS rated blitz match"]
[Site "204.178.125.65"]
[Date "2001.01.30"]
[Round "?"]
[White "Hossa"]
[Black "krahs2"]
[Result "1-0"]
[WhiteElo "2632"]
[BlackElo "2093"]
[PlyCount "69"]
[EventDate "2001.??.??"]

1. e4 e5 2. Nf3 Nc6 3. Bb5 Bc5 4. d3 Nf6 5. O-O d6 6. d4 exd4 7. Bxc6+ bxc6 8.
Nxd4 Bd7 9. Nc3 O-O 10. Qd3 Re8 11. Bg5 h6 12. Bh4 Qe7 13. Rfe1 g5 14. Bg3 Ng4
15. Nb3 Bb4 16. a3 Bxc3 17. Qxc3 f6 18. Qa5 Rec8 19. Qd2 Ne5 20. Qe2 Kg7 21. f3
c5 22. Nd2 Be6 23. a4 a6 24. Red1 h5 25. Ra3 h4 26. Bf2 h3 27. g4 Ng6 28. Bg3
Rcb8 29. b3 Rb4 30. Qf1 Rd4 31. c3 Rxd2 32. Rxd2 a5 33. Qxh3 Rb8 34. c4 c6 35.
Bxd6 {krahs2 resigns} 1-0